Alternative land use (Record no. 70479)

MARC details
000 -LEADER
fixed length control field 00621cam a2200193 4500
001 - CONTROL NUMBER
control field ABS65571
008 - FIXED-LENGTH DATA ELEMENTS--GENERAL INFORMATION
fixed length control field 020612n2002 000 0 eng u
035 ## - SYSTEM CONTROL NUMBER
System control number (Sirsi) u118401
245 ## - TITLE STATEMENT
Title Alternative land use
260 ## - PUBLICATION, DISTRIBUTION, ETC.
Date of publication, distribution, etc. 2002
490 ## - SERIES STATEMENT
Series statement Farm Development Review
Volume/sequential designation 16(3) January 2002, LOAN
520 ## - SUMMARY, ETC.
Summary, etc. Covers battlefields and historic sites, marquee hire, building conversions and a new wholesaleing experiment by Tastes of Anglia.
590 ## - LOCAL NOTE (RLIN)
Local note ABS
650 ## - SUBJECT ADDED ENTRY--TOPICAL TERM
Topical term or geographic name entry element FARM DIVERSIFICATION
650 ## - SUBJECT ADDED ENTRY--TOPICAL TERM
Topical term or geographic name entry element ALTERNATIVE LAND USE
650 ## - SUBJECT ADDED ENTRY--TOPICAL TERM
Topical term or geographic name entry element FARM BUILDINGS
690 ## - LOCAL SUBJECT ADDED ENTRY--TOPICAL TERM (OCLC, RLIN)
Topical term or geographic name as entry element RURAL-FARM BUSINESS MANAGEMENT
942 ## - ADDED ENTRY ELEMENTS (KOHA)
Suppress in OPAC 0
Holdings
Withdrawn status Lost status Source of classification or shelving scheme Damaged status Not for loan Home library Current library Shelving location Date acquired Total Checkouts Full call number Barcode Date last seen Date last checked out Copy number Price effective from Koha item type
    Dewey Decimal Classification     London London Journal article 12/06/2002 2 ABS65571 30062708 06/08/2019 21/02/2005 1 06/08/2019 Journal article